| 000 | 00486nam a2200181Ia 4500 | ||
|---|---|---|---|
| 001 | 19243 | ||
| 005 | 20260306171730.0 | ||
| 008 | 260306s9999||||xx |||||||||||||| ||und|| | ||
| 041 | _aESP | ||
| 082 |
_a658.812 _bC85 |
||
| 100 |
_aCottle, David _eAUT |
||
| 245 | 0 |
_aEl servicio centrado en el cliente: _bCómo lograr que regresen sigan utilizando sus servicios |
|
| 260 | _c1991 | ||
| 300 |
_a346 páginas : _c22 cm. |
||
| 650 | _aGEN | ||
| 654 | _aCAN | ||
| 942 |
_cLIB _dJUS _fJUS _2ddc _n |
||
| 999 |
_c19243 _d19243 |
||